| 000 | 00431nam a2200181Ia 4500 | ||
|---|---|---|---|
| 008 | 220531s9999 xx 000 0 und d | ||
| 041 | _aeng | ||
| 082 | _bBRA / AIT | ||
| 100 |
_aAitken, Bill _980741 |
||
| 245 | _aBranch Line to Eternity | ||
| 250 | _a1 st | ||
| 260 |
_aNew Delhi _bpengain _c2001 |
||
| 300 | _a280 | ||
| 542 | _d23-02-2021 | ||
| 650 |
_aGeneral _980742 |
||
| 906 |
_d2020-2021 _f19320 |
||
| 999 |
_c44614 _d44614 |
||